Statistics for Long One Word Band Names

Click here to take the quiz!

General Stats

  • This quiz has been taken 267 times
  • The average score is 7 of 22

Answer Stats

Year Song Band % Correct
1975Walk This WayAerosmith
82%
1968Born to Be WildSteppenwolf
68%
1992CreepRadiohead
64%
1983Sweet DreamsEurythmics
63%
1994Black Hole SunSoundgarden
60%
1982Here I Go AgainWhitesnake
55%
2003My ImmortalEvanescence
51%
1977Cold as IceForeigner
41%
2005PhotographNickelback
39%
1983Seek & DestroyMetallica
35%
1978Three Times a LadyCommodores
34%
2006ApologizeOneRepublic
32%
1974AutobahnKraftwerk
25%
2006Ridin'Chamillionaire
19%
2001Hanging by a MomentLifehouse
19%
2006ApologizeTimbaland
18%
1987Love in the First DegreeBananarama
11%
2007SorryBuckcherry
7%
2008DevourShinedown
6%
2010The AnimalDisturbed
6%
2010Bass HeadBassnectar
5%
1992BivouacJawbreaker
0%

Score Distribution

Percentile by Number Answered

Percent of People with Each Score

Your Score History

You have not taken this quiz